| Registos Bibliográficos associados ao registo de autoridade |
|
Etiqueta de registo: 00254nam 2200025 450 001 2283073 003 http://id.bnportugal.gov.pt/bib/catbnp/2283073 010 ## $a9798247362197 021 ## $aPT$b559305/26 100 ## $a20260327d2026 m y0pory01030103ba 101 0# $apor$aspa 102 ## $aPT 105 ## $ay z 000gy 106 ## $ar 200 1# $aLíngua de lobo$fRodolfo Häsler$gpref. e trad. António Carlos Cortez 205 ## $a1ª ed 210 #9 $aPeniche$cFantasma,$d2026 215 ## $a125, [8] p.$d21 cm 225 2# $aIberica verlag 305 ## $aEd. bilingue em português e espanhol 675 ## $a821.134.2(729.1)-1"19/20"$vBN$zpor$31395247 700 #1 $aHäsler,$bRodolfo,$f1958-$31993889 702 #1 $aCortês,$bAntónio Carlos,$f1976-$4080$3954367 801 #0 $aPT$bBN$gRPC 856 41 $uhttp://rnod.bnportugal.gov.pt/ImagesBN/winlibimg.aspx?skey=&doc=2283073&img=221720&save=true 900 ## $aBIBNAC$d20260505 966 ## $lBN$mFGMON$sL. 181576 V.$x1 971 ## $cssilva$d20260327 972 ## $e0$z0$d20260505$vlrevez 973 ## $cigoulao$d20260424 975 ## $e0$d20260519$viquintas
|
|
|